Normal view MARC view
  • Shafiq, Ridha

Entry Personal Name

Number of records used in: 1

001 - CONTROL NUMBER

  • control field: 114315

003 - CONTROL NUMBER IDENTIFIER

  • control field: NUST

005 - DATE AND TIME OF LATEST TRANSACTION

  • control field: 20230830111307.0

008 - FIXED-LENGTH DATA ELEMENTS

  • fixed length control field: 230830|| aca||aabn | a|a d

040 ## - CATALOGING SOURCE

  • Original cataloging agency: NUST
  • Transcribing agency: NUST

100 ## - HEADING--PERSONAL NAME

  • Personal name: Shafiq, Ridha

670 ## - SOURCE DATA FOUND

  • Source citation: Work cat.: (NUST): Shafiq, Ridha , Diabetic Retinopathy Detection (Web Based Application) /
© 2023 Central Library, National University of Sciences and Technology. All Rights Reserved.